000 00284nam a2200121Ia 4500
008 240731s9999 xx 000 0 und d
022 _a1745-0926
245 0 _aShakespeare
260 _bRoutledge
856 _uhttps://www.tandfonline.com/loi/rshk20
942 _2ddc
942 _cTFEJ
999 _c79390
_d79390
945 _a1
_bMadushi Gamage
_c1
_dMadushi Gamage